Crisis : (Record no. 57872)
[ view plain ]
| 000 -LEADER | |
|---|---|
| fixed length control field | 00896nam a2200277 a 4500 |
| 001 - CONTROL NUMBER | |
| control field | 57872 |
| 003 - CONTROL NUMBER IDENTIFIER | |
| rucl marc code | BD-RjUL |
| 005 - DATE AND TIME OF LATEST TRANSACTION | |
| control field | 20211209080548.0 |
| 008 - FIXED-LENGTH DATA ELEMENTS--GENERAL INFORMATION | |
| fixed length control field | 820607s1982 nyuaf 001 0 eng |
| 020 ## - INTERNATIONAL STANDARD BOOK NUMBER | |
| International Standard Book Number | 0399127380 : |
| Terms of availability | 16.95 |
| 035 ## - SYSTEM CONTROL NUMBER | |
| System control number | (BD-RjUL) 57996 |
| 040 ## - CATALOGING SOURCE | |
| Original cataloging agency | DLC |
| Transcribing agency | DLC |
| Modifying agency | BD-RjUL |
| Language of cataloging | eng |
| 041 ## - LANGUAGE CODE | |
| Language code of text/sound track or separate title | eng |
| 082 00 - DEWEY DECIMAL CLASSIFICATION NUMBER | |
| Classification number | 320.973 |
| Edition number | 23 |
| Author mark and year | JOC 1982 |
| 100 1# - MAIN ENTRY--PERSONAL NAME | |
| Personal name | Jordan, Hamilton. |
| 9 (RLIN) | 171896 |
| 245 10 - TITLE STATEMENT | |
| Title | Crisis : |
| Remainder of title | the last year of the Carter presidency / |
| Statement of responsibility, etc. | Hamilton Jordan. |
| 260 ## - PUBLICATION, DISTRIBUTION, ETC. (IMPRINT) | |
| Place of publication, distribution, etc. | New York : |
| Name of publisher, distributor, etc. | Putnam, |
| Date of publication, distribution, etc. | c1982. |
| 300 ## - PHYSICAL DESCRIPTION | |
| Pagination | 431 p. : |
| Illustrations | ill. ; |
| Size | 24 cm. |
| 500 ## - GENERAL NOTE | |
| General note | Includes index. |
| 600 10 - SUBJECT ADDED ENTRY--PERSONAL NAME | |
| Personal name | Carter, Jimmy, |
| Dates associated with a name | 1924- |
| Personal name | Jordan, Hamilton. |
| 650 #0 - SUBJECT ADDED ENTRY--TOPICAL TERM | |
| Topical term or geographic name as entry element | Iran Hostage Crisis, 1979-1981. |
| 9 (RLIN) | 171898 |
| 651 #0 - SUBJECT ADDED ENTRY--GEOGRAPHIC NAME | |
| Geographic name | United States |
| General subdivision | Politics and government |
| Chronological subdivision | 1977-1981. |
| 9 (RLIN) | 171761 |
| Geographic name | United States |
| General subdivision | Foreign relations |
| Chronological subdivision | 1977-1981. |
| 9 (RLIN) | 171899 |
| 942 ## - ADDED ENTRY ELEMENTS (KOHA) | |
| Source of classification or shelving scheme | Dewey Decimal Classification |
| Koha item type | Books |
| Lost status | Source of classification or shelving scheme | Damaged status | Not for loan | Collection code | Permanent Location | Current Location | Shelving location | Date acquired | Total Checkouts | Full call number | Date last seen | Copy number | Koha item type |
|---|---|---|---|---|---|---|---|---|---|---|---|---|---|
| Dewey Decimal Classification | Not For Loan | Non-fiction | Central Library, University of Rajshahi | Central Library, University of Rajshahi | Reading Room | 19/02/1986 | 320.973 JOC 1982 | 12/12/2016 | C-1 | Books |